000 00489nam a22001817a 4500
003 OSt
005 20151103115841.0
008 151103b xxu||||| |||| 00| 0 eng d
020 _a0964355523
040 _aKU
050 _aTS 156
_b.H3
100 _aHarry Mikel J.
245 _aThe vision of six sigma:
_ba road map for breakthrough
260 _aArizona, USA
_bSigma Publishing
_c1994
300 _aVarious pagings
650 _aQuality control
_xStatistical methods
942 _2lcc
_cGEN
999 _c9649
_d9649